BIOCHEMISTRY : A CONCICE TEXT FOR MEDICAL STUDENTS / (Record no. 20358)
[ view plain ]
| 000 -الفاتح | |
|---|---|
| حقل البيانات ثابتة الطول | 00574nam a2200217Ia 4500 |
| 008 - عناصر البيانات ثابتة الطول - معلومات عامة | |
| حقل البيانات ثابتة الطول | 140319s9999 xx 000 0 eng d |
| 040 ## - مصدر الفهرسة | |
| وكالة الفهرسة الأصلية | GCL / |
| وكالة النسخ | GCL |
| 082 04 - رقم تصنيف ديوى العشرى | |
| رقم التصنيف | 612.015 |
| رقم المادة | A B |
| 100 1# - المدخل الرئيسى - إسم شخصى | |
| الإسم الشخصى | APPS, D.K |
| 245 10 - بيان العنوان | |
| العنوان | BIOCHEMISTRY : A CONCICE TEXT FOR MEDICAL STUDENTS / |
| بيان المسئوليه,etc | APPS, D.K |
| 700 1# - المدخل الاضافى - اسم شخصى | |
| الإسم الشخصى | COHEN, B.B. |
| 700 1# - المدخل الاضافى - اسم شخصى | |
| الإسم الشخصى | STEEL, C.M. |
| 260 ## - PUBLICATION, DISTRIBUTION, ETC. (IMPRINT) | |
| تاريخ النشر أو التوزيع | 1992 |
| 300 ## - الوصف المادى | |
| التعداد | 448 P |
| 650 04 - المدخل الاضافى بالموضوع-مصطلح موضوعى | |
| مصطلح موضوعي | CHEMISTRY |
| 650 04 - المدخل الاضافى بالموضوع-مصطلح موضوعى | |
| مصطلح موضوعي | BIOCHEMISTRY |
| 650 04 - المدخل الاضافى بالموضوع-مصطلح موضوعى | |
| مصطلح موضوعي | CLINICAL BIOCHEMISTRY |
| 650 04 - المدخل الاضافى بالموضوع-مصطلح موضوعى | |
| مصطلح موضوعي | MEDICAL SCIENCE |
| 942 ## - عناصر المدخل الإضافي( كوها) | |
| مصدر التصنيف او مخطط الترفيف | Dewey Decimal Classification |
| Koha [default] item type | كتاب |
| 260 ## - PUBLICATION, DISTRIBUTION, ETC. (IMPRINT) | |
| -- | [S.N] : |
| -- | ELBS BAILLIERE TINDALL ، |
| حالة التراجع | حالة الفقد | حالة تلف | ليس للاعارة | المكان المؤقت | الموقع الحالى | تاريخ الاكتساب | اجمالي اﻻعارات | رقم الطلب | الباركود | تاريخ اخر مشاهدة | تاريخ تفعيل السعر | نوع وعاء كوها |
|---|---|---|---|---|---|---|---|---|---|---|---|---|
| مكتبة القاهرة الكبرى | مكتبة القاهرة الكبرى | 03/26/2014 | 612.015\A B | 38215 | 03/26/2014 | 03/26/2014 | كتاب |

